header

Equity in the classroom (Record no. 99016)

MARC details
000 -LEADER
fixed length control field 01569nam a2200349Ia 4500
245 00 - TITLE STATEMENT
Title Equity in the classroom
260 ## - PUBLICATION, DISTRIBUTION, ETC. (IMPRINT)
Place of publication London ;
-- Washington, D.C. :
Name of publisher Falmer Press ;
Place of publication Paris, France :
Name of publisher Unesco Pub.,
Year of publication c1996.
300 ## - PHYSICAL DESCRIPTION
Number of Pages viii, 282 p. :
Other physical details ill.
500 ## - GENERAL NOTE
General note Papers from an international colloquium entitled "Is there a pedagogy for girls?" organized by Unesco held in 1995.
650 #0 - SUBJECT ADDED ENTRY--TOPICAL TERM
Topical Term Sex differences in education
Topical Term Feminism and education
700 1# - ADDED ENTRY--PERSONAL NAME
Personal name Murphy, Patricia,
Personal name Gipps, C. V.
856 40 - ELECTRONIC LOCATION AND ACCESS
Uniform Resource Identifier http://site.ebrary.com/lib/rucke/Doc?id=10095193

No items available.

© 2026 Rongo University
Contact us: librarian | system librarian | Rongo university